Central Library OPAC University of Rajshahi

পৃথিবী সেরা সমকালীন চার কবির কবিতা / (Record no. 74286)

MARC details
000 -LEADER
fixed length control field 00887nam a2200229 a 4500
001 - CONTROL NUMBER
control field 74286
003 - CONTROL NUMBER IDENTIFIER
rucl marc code BD-RjUL
005 - DATE AND TIME OF LATEST TRANSACTION
control field 20211209082530.0
008 - FIXED-LENGTH DATA ELEMENTS--GENERAL INFORMATION
fixed length control field 180527s2016 bg ||||| |||| 00| 0 ben d
020 ## - INTERNATIONAL STANDARD BOOK NUMBER
International Standard Book Number 9789842004896
Terms of availability Tk.100.00
035 ## - SYSTEM CONTROL NUMBER
System control number (BD-RjUL)74504
040 ## - CATALOGING SOURCE
Original cataloging agency BD-RjUL
Language of cataloging eng
Transcribing agency BD-RjUL
041 ## - LANGUAGE CODE
Language code of text/sound track or separate title ben
082 ## - DEWEY DECIMAL CLASSIFICATION NUMBER
Edition number 23
Classification number 891.44108
Author mark and year PRI 2016
245 ## - TITLE STATEMENT
Title পৃথিবী সেরা সমকালীন চার কবির কবিতা /
Statement of responsibility, etc. সম্পাদনা ; আমিনুর রহমান
260 ## - PUBLICATION, DISTRIBUTION, ETC. (IMPRINT)
Place of publication, distribution, etc. ঢাকা :
Name of publisher, distributor, etc. অ্যাডর্ন পাব ,
Date of publication, distribution, etc. ২০১৬
300 ## - PHYSICAL DESCRIPTION
Pagination ৪৮ পৃ. :
Illustrations চিত্র ;
Size ২২ সেমি.
650 ## - SUBJECT ADDED ENTRY--TOPICAL TERM
Topical term or geographic name as entry element বাংলা কবিতা
Form subdivision সংগ্রহ
9 (RLIN) 221488
Topical term or geographic name as entry element Bengali poem
Form subdivision Collections
9 (RLIN) 221489
700 ## - ADDED ENTRY--PERSONAL NAME
Personal name রহমান, আমিনুর
942 ## - ADDED ENTRY ELEMENTS (KOHA)
Source of classification or shelving scheme Dewey Decimal Classification
Koha item type Books
Holdings
Lost status Source of classification or shelving scheme Damaged status Not for loan Collection code Permanent Location Current Location Shelving location Date acquired Source of acquisition Cost, normal purchase price Total Checkouts Full call number Date last seen Copy number Koha item type
  Dewey Decimal Classification   Not For Loan Non-fiction Central Library, University of Rajshahi Central Library, University of Rajshahi Reading Room 23/03/2017 Rajshahi News home 100.00   B 891.44108 PRI 2016 27/05/2018 C-1 Books
  Dewey Decimal Classification     Non-fiction Central Library, University of Rajshahi Central Library, University of Rajshahi   23/03/2017 Rajshahi News home 100.00   B 891.44108 PRI 2016 27/05/2018 C-2 Books
  Dewey Decimal Classification     Non-fiction Central Library, University of Rajshahi Central Library, University of Rajshahi   23/03/2017 Rajshahi News home 100.00   B 891.44108 PRI 2016 27/05/2018 C-3 Books